000 00380nam a2200145Ia 4500
008 240624s9999 xx 000 0 und d
041 _aeng
082 _a332.0981 PAU
100 _aPAULA LUIZ FERNANDO DE
245 _aFINANCIAL LIBERALIZATION AND ECONOMIC PE
250 _a11
260 _c2011
_aNew York
_bRoutledge
300 _axx, : 237 : p. : cm. ; 23
365 _cBPS
_b27
999 _c17769
_d17769